| 000 | 00515nam a22001817a 4500 | ||
|---|---|---|---|
| 003 | CEME | ||
| 005 | 20210628202746.0 | ||
| 008 | 210127b xxu||||| |||| 00| 0 eng d | ||
| 020 | _a81-203-2147-2 | ||
| 040 | _c. | ||
| 082 | _a005.7565 SHA | ||
| 100 |
_aNilesh Shah : Shah, Nilesh _961467 |
||
| 245 | _aDatabase systems using oracle a simplified guide to sql and pl/sql | ||
| 260 |
_bPRENTICE HALL OF INDIA _c2003 |
||
| 300 | _aXVII,326P | ||
| 650 |
_aDATABASE SYSTEMS USING ORACLE _961468 |
||
| 942 |
_cBK _2ddc |
||
| 999 |
_c570908 _d570908 |
||